000 00593nam a2200241 a 4500
001 nice12345678
003 IN_TiNIC
005 20260116011435.0
008 050524s1921 egya grp 000 0 ara
020 _a
_c100
082 0 0 _a291
_bNAT
100 _aNatiq, Shaikh Mohd
245 _aAd-Dawratul Ula Minal Munazara Deenia
260 _aEgypt
_bShaikh Mohd Natiq
_c1921
300 _a232p
500 _aincludes index and biblioraphy
505 2 _aArchives
650 _aComparative Religion
700 1 _aNatiq, Shaikh Mohd
902 _bSRS
942 _cBK
999 _c1558
_d1558